000 01522nam a2200229Ia 4500
003 Ost
005 20260507074942.0
008 260507s9999||||xx |||||||||||||| ||und||
040 _cfsecg
041 _aara
082 _a519.54
100 _aعزام، عبد المرضي حامد
_eمؤلف
245 0 _aالاستدلال الاحصائي :
_bمدخل الى اتخاذ القرار و التنبؤ /
_c عبد المرضي حامد عزام
260 _aالاسكندرية:
_bالدار الجامعية,
_c2007
300 _a316 صفحة؛
_bإيضاحات ؛
_c24 سم
520 _aيبدأ هذا الكتاب بدراسة التوزيع المعتدل ونظرية النهاية المركزية ثم يتطرق بعد ذلك لمفهوم التوزيعات المعاينة كخطوة أولى ضرورية ولازمة لدراسة كيفية تقدير معالم المجتمع المجهولة واجراء اختبارات الفروض الإحصائية عن هذه المعالم . كما يعرض هذا المذكتاب لدراسة الارتباط والانحدار البسيط وفترات الثقة واختبارات الفروض عن معالم خط الانحدار المجتمع بالاظافة إلى دراسة بعض اختبارات الفروض المرتبطة بتوزيع كا
653 _aاتخاذ القرار
653 _aاستدلال احصائي
653 _aالتنبؤ
700 _aزغلول، يحي سعد
_eمؤلف ثانوي
942 _cكتاب
999 _c41937
_d41937